EA FC26 All Gold Turkey Players - Statistics

General Stats
  • This quiz has been taken 30 times
  • The average score is 17 of 31
Answer Stats
Rate Club Answer % Correct
81 Real Madrid Arda Guler
96%
86 Inter Hakan Calhanoglu
96%
79 Juventus Kenan Yildiz
88%
80 Galatasaray Baris Yilmaz
83%
76 Roma Zeki Celik
83%
75 Man United Altay Bayindir
75%
79 Brighton Ferdi Kadioglu
75%
78 Al Ahli Merih Demiral
75%
82 Besiktas Orkun Kokcu
75%
80 Fenerbahce Kerem Akturkoglu
67%
77 Bournemouth Enes Unal
63%
75 Dortmund Salih Ozcan
63%
80 Galatasaray Ugurcan Cakir
63%
75 Olympiacos Yusuf Yazici
58%
80 Galatasaray Abdulkerim Bardakci
54%
75 Hoffenheim Ozan Kabak
54%
78 Galatasaray Yunus Akgun
50%
77 Fenerbahce Caglar Soyuncu
46%
78 Fenerbahce Irfan Kahveci
46%
76 Stuttgart Atakan Karazor
42%
77 Lille Berke Ozer
38%
76 Besiktas Cengiz Under
38%
77 Fenerbahce Ismail Yuksek
38%
78 Besiktas Mert Gunok
38%
75 Galatasaray Eren Elmali
33%
75 Galatasaray Gunay Guvenc
33%
76 Galatasaray Kaan Ayhan
29%
77 Fenerbahce Oguz Aydin
29%
76 Trabzonspor Okay Yokuslu
21%
75 Fenerbahce Irfan Egribayat
13%
75 Basaksehir Yusuf Sari
13%
No matching quizzes found
Score Distribution
Percent of People with Each Score
Percentile by Number Answered
Your Score History
You have not taken this quiz